[Event "54th Ilmar Raud Memorial"]
[Site "Viljandi"]
[Date "2020.07.10"]
[Round "7.16"]
[White "Rychagov, Nikita"]
[Black "Pedoson, Georg Aleksander"]
[Result "1/2-1/2"]
[WhiteElo "1943"]
[BlackElo "2189"]
[PlyCount "30"]
[EventDate "2020.??.??"]

1. e4 g6 2. d4 Bg7 3. f4 d5 4. e5 Nh6 5. Nf3 O-O 6. Be3 f6 7. Be2 c6 8. h3 Nf7
9. Qd2 Bf5 10. O-O a5 11. c4 Na6 12. Nc3 Nc7 13. c5 Be4 14. Na4 Ne6 15. Ne1 f5
1/2-1/2

[Event "54th Ilmar Raud Memorial"]
[Site "Viljandi"]
[Date "2020.07.10"]
[Round "7.17"]
[White "Protassov, Vlad"]
[Black "Sinitsõna, Anastassia"]
[Result "1/2-1/2"]
[WhiteElo "1916"]
[BlackElo "2138"]
[PlyCount "51"]
[EventDate "2020.??.??"]

1. d4 Nf6 2. c4 g6 3. Nc3 Bg7 4. e4 d6 5. Nf3 O-O 6. Be2 c5 7. O-O cxd4 8. Nxd4
Nc6 9. Be3 Bd7 10. Rc1 Rc8 11. f3 a6 12. Qd2 Re8 13. Rfd1 Nxd4 14. Bxd4 Qa5 15.
a3 Be6 16. b4 Qd8 17. Nd5 Nxd5 18. exd5 Bf5 19. Bxg7 Kxg7 20. g4 Bd7 21. Qd4+
Kg8 22. c5 Ba4 23. Rd2 Qd7 24. Bd1 Bxd1 25. Rdxd1 Qa4 26. Qd3 1/2-1/2

[Event "54th Ilmar Raud Memorial"]
[Site "Viljandi"]
[Date "2020.07.10"]
[Round "7.18"]
[White "Uibokant, Mathias Robert"]
[Black "Bondarenko, Dmitri"]
[Result "1/2-1/2"]
[WhiteElo "2050"]
[BlackElo "1944"]
[PlyCount "141"]
[EventDate "2020.??.??"]

1. d4 c6 2. Bf4 d5 3. c3 Bg4 4. Nd2 e6 5. Qb3 Qb6 6. Ngf3 Bxf3 7. Nxf3 Nf6 8.
h3 Nbd7 9. e3 Be7 10. Be2 O-O 11. O-O Rac8 12. Ne5 Nxe5 13. Bxe5 Nd7 14. Bh2 c5
15. Rfe1 Rfd8 16. Bf3 cxd4 17. exd4 Bf6 18. Rad1 Rc6 19. Rd2 Qxb3 20. axb3 b5
21. Ra1 a6 22. Rdd1 Be7 23. Ra5 Bd6 24. Rda1 Bxh2+ 25. Kxh2 Nb8 26. g4 Kf8 27.
Bg2 g5 28. h4 gxh4 29. f4 Ke7 30. Re1 Kd6 31. Raa1 Rc7 32. f5 b4 33. Re3 bxc3
34. bxc3 Rdc8 35. fxe6 fxe6 36. Rae1 Re7 37. Bf1 Rf8 38. c4 Nc6 39. Ra1 a5 40.
Bg2 Rf2 41. cxd5 exd5 42. Rxe7 Kxe7 43. Kg1 Rd2 44. Bxd5 Nxd4 45. Rxa5 h3 46.
Ra7+ Kd6 47. Rxh7 Kxd5 48. Rxh3 Ke4 49. Rh8 Ke3 50. Re8+ Kf3 51. Kf1 Nc2 52.
Rf8+ Kg3 53. g5 Nd4 54. Ke1 Rg2 55. g6 Nf3+ 56. Kd1 Kf2 57. Kc2 Rxg6 58. Kd3
Kg3 59. b4 Ne5+ 60. Ke4 Nd7 61. Rf7 Rd6 62. b5 Rd1 63. Rg7+ Kf2 64. Rf7+ Ke2
65. Rg7 Nc5+ 66. Ke5 Rd8 67. b6 Nd7+ 68. Kd6 Nxb6+ 69. Kc7 Rd7+ 70. Rxd7 Nxd7
71. Kxd7 1/2-1/2

[Event "54th Ilmar Raud Memorial"]
[Site "Viljandi"]
[Date "2020.07.10"]
[Round "7.19"]
[White "Tõnso, Liina"]
[Black "Olde, Grete"]
[Result "1/2-1/2"]
[WhiteElo "1862"]
[BlackElo "2046"]
[PlyCount "96"]
[EventDate "2020.??.??"]

1. d4 d5 2. c4 e6 3. Nc3 Be7 4. Nf3 Nf6 5. cxd5 exd5 6. Bf4 O-O 7. e3 b6 (7...
c5 8. Bd3 Nc6 9. O-O c4) 8. Bd3 Bb7 9. O-O Nbd7 (9... c5 10. Ne5 Nc6 11. Qf3
cxd4 12. Nxc6 Bxc6 13. exd4 Qd7) 10. Ne5 Re8 11. Rc1 c5 12. Qf3 c4 (12... a6
13. Rfd1 Nf8 14. g4 Ng6 15. Bg3 Rf8 16. Bf5 cxd4 17. exd4 Bb4 18. g5 Bxc3 19.
gxf6 Bb4 20. Nd7 Re8 21. Bc7 Qc8 22. Nxb6 Nh4 23. Qg4 Nxf5 24. Nxc8 Bxc8 25.
Be5 g6 26. Qf3 Nh4 27. Qf4 Nf5 28. Rc7 Bf8 29. Qf3 Be6 30. Bf4 Nh4 31. Qg3 Nf5
32. Qc3 Nh4 33. f3 Bh3 34. Kf2 Rab8 35. a3 Ng2 36. Be5 Bh6 37. Kg3 Ne3 38. Rd3
Nc4 39. Rxc4 dxc4 40. Bxb8 cxd3 41. Qxd3 Bf5 42. Qb3 Rc8 43. Bf4 Bf8 44. d5 h6
45. d6 g5 46. Be5 Be6 47. Qe3 Rc6 48. h4 Bxd6 49. hxg5 Bxe5+ 50. Qxe5 hxg5 51.
Qb8+ Rc8 52. Qb7 a5 53. Qb5 Kh7 54. Qxa5 Kg6 55. Qe5 Rc4 56. b3 Rh4 57. b4 Rh3+
58. Kf2 g4 59. fxg4 Rxa3 60. g5 Rb3 61. Qc5 Bf5 62. b5 Kxg5 63. b6 Kg6 64. Qc7
Be4 65. Qc4 Rf3+ 66. Ke2 Kf5 67. Qxf7 Rf4 68. b7 Bxb7 69. Qxb7 Kxf6 70. Ke3 Rf5
71. Qd7 Ke5 72. Qe7+ Kd5 73. Qe4+ {1-0 (73) Palma,M (2091)-Olde,G (1829)
Bratislava 2019}) 13. Bxc4 Bf8 14. Bb5 Nxe5 15. Bxe5 Nd7 16. Bf4 a6 17. Bd3 Nf6
18. Be5 Ne4 19. Qe2 b5 20. Bb1 Nd6 21. b3 Rc8 22. Qd3 g6 23. f3 Bc6 24. e4 f6
25. Bxd6 Qxd6 26. exd5 Bxd5 27. Qd2 f5 28. Rfe1 Bg7 (28... Rxe1+ 29. Rxe1 Qb4
30. Rc1 Bg7 31. Kf1 Bxd4 32. Rd1 Rxc3 33. Qxd4 Qxd4 34. Rxd4 Bxb3 35. axb3 Rc1+
36. Kf2 Rxb1 37. Rd6 Rxb3 38. Rxa6 f4) 29. Ne2 Bb7 30. a4 b4 31. Rc4 a5 32.
Rec1 Rcd8 33. Rc7 {[#]} Ba6 34. R7c6 Qxc6 35. Rxc6 Rxe2 36. Qg5 Bxd4+ 37. Kf1
Re6+ (37... Rf2+ 38. Ke1 Rf1+ 39. Kd2 Bc3+ 40. Ke3 (40. Kc2 Bd3#) 40... Bd2#)
38. Rxa6 Bf6 39. Qxf6 (39. Qc1 Rxa6 40. Qc4+ Kg7 41. Qxa6 Rd1+ 42. Kf2 Rxb1 43.
Qxa5 Rxb3 44. Qc7+ Kh6 45. Qf7 Rb2+ 46. Kg3 Bg7 47. a5 b3 48. Qe7 Bh8 49. Qh4+
Kg7 50. Qd4+ Kg8 51. Qd5+ Kf8 52. a6) 39... Rxf6 40. Rxf6 Rd1+ 41. Kf2 Rxb1 42.
Ra6 Rxb3 43. Rxa5 Ra3 44. Kg3 Ra2 45. Ra7 h6 46. h4 Ra3 47. a5 b3 48. Rb7 Rxa5
1/2-1/2

[Event "54th Ilmar Raud Memorial"]
[Site "Viljandi"]
[Date "2020.07.10"]
[Round "7.20"]
[White "Tsõganova, Monika"]
[Black "Pedmanson, Albert"]
[Result "1/2-1/2"]
[WhiteElo "2029"]
[BlackElo "1786"]
[PlyCount "113"]
[EventDate "2020.??.??"]

1. d4 Nf6 2. Nf3 c5 3. e3 g6 4. Be2 Bg7 5. O-O O-O 6. c4 cxd4 7. exd4 d5 8. Nc3
dxc4 9. Bxc4 Bg4 10. h3 Bxf3 11. Qxf3 Nc6 12. Rd1 Qb6 13. Be3 (13. d5 Ne5 14.
Qe2 Nxc4 15. Qxc4) 13... Qxb2 14. Nb5 Qb4 15. Rac1 Qa5 16. Bf4 a6 17. Nc7 Rac8
18. d5 Na7 19. d6 exd6 20. Bxd6 Rxc7 21. Bxf8 Kxf8 22. Rd8+ Ne8 23. Qe3 Re7 24.
Rxe8+ Rxe8 25. Qxa7 Qb4 (25... Qc7 {[%cal Rb7b5,Rg7h6]} 26. g3 Qc6 (26... Rc8
27. Rc2) 27. Rc2 (27. Kh2 Bh6 28. Rc3 Re1 29. f3 Re7 30. Qb8+ Re8 31. Qa7 Bd2
32. Rc2 Be3) 27... Re1+ 28. Kh2 Qh1#) 26. a3 Qd2 27. Qc5+ Kg8 28. Rf1 Qd7 29.
Bb3 Rc8 30. Qb4 Bf8 31. Qf4 Bxa3 32. Rd1 Qe7 33. h4 Bb2 34. h5 Bg7 35. hxg6
hxg6 36. Qg4 Rd8 37. Rxd8+ Qxd8 38. Qxg6 Qd1+ 39. Bxd1 fxg6 40. Kf1 Kf7 41. Ke2
Ke6 42. Kd3 b5 43. Kc2 Kd5 44. Kb3 a5 45. f4 Bf8 46. Bc2 a4+ 47. Kb2 g5 48.
fxg5 Kc4 49. Bf5 Bg7+ 50. Kc2 b4 51. Be6+ Kd4 52. Bd7 b3+ 53. Kb2 Ke4+ 54. Ka3
b2 55. Ka2 a3 56. Kb1 Kd4 57. Be6 1/2-1/2

[Event "54th Ilmar Raud Memorial"]
[Site "Viljandi"]
[Date "2020.07.10"]
[Round "7.21"]
[White "Ruus, Rein"]
[Black "Timoshin, Andrei"]
[Result "0-1"]
[WhiteElo "1807"]
[BlackElo "2132"]
[PlyCount "94"]
[EventDate "2020.??.??"]

1. e4 c5 2. Nc3 Nc6 3. g3 g6 4. Bg2 Bg7 5. Nge2 d6 6. O-O Nf6 7. d4 cxd4 8.
Nxd4 Bd7 9. Nce2 O-O 10. c3 a6 11. a4 Rc8 12. Bg5 h6 13. Be3 Ne5 14. Bc1 Bc6
15. Nxc6 bxc6 16. Bf4 Ned7 17. Be3 Ng4 18. Bc1 Qc7 19. Nd4 Ngf6 20. Be3 c5 21.
Nc2 c4 22. Nb4 a5 23. Nd5 Nxd5 24. exd5 Rb8 25. Qd2 Kh7 26. f4 Nc5 27. Ra2 f5
28. Bf3 Rb7 29. Be2 Ne4 30. Qc2 Rfb8 31. g4 e6 32. dxe6 Qc8 33. gxf5 gxf5 34.
Bf3 d5 35. Bxe4 dxe4 36. Kh1 Qxe6 37. Rg1 Bf6 38. Qf2 Qd5 39. Rg2 Qd3 40. Qe1
Rg7 41. Rxg7+ Bxg7 42. h4 Qc2 43. Bd4 Bxd4 44. cxd4 Rg8 45. Qf1 e3 46. Ra1 e2
47. Qf3 Qd3 0-1

[Event "54th Ilmar Raud Memorial"]
[Site "Viljandi"]
[Date "2020.07.10"]
[Round "7.22"]
[White "Olde, Karl Erik"]
[Black "Krivenko, Dion"]
[Result "1-0"]
[WhiteElo "1751"]
[BlackElo "2046"]
[PlyCount "147"]
[EventDate "2020.??.??"]

1. d4 Nf6 2. c4 c5 3. d5 e5 4. Nc3 d6 5. e4 Be7 6. Be2 Nbd7 7. Nf3 h5 8. h4 Nf8
9. a3 Ng6 10. g3 Bd7 11. Bd2 Qc8 12. Ng5 Bg4 13. f3 Bd7 14. Qc2 a6 15. O-O-O
Rb8 16. a4 Bd8 17. Qb3 Ba5 18. Kc2 Ng8 19. Bf1 f6 20. Nh3 Bxc3 21. Bxc3 N8e7
22. Nf2 Qc7 23. Ra1 b6 24. Bh3 Nc8 25. Bxd7+ Qxd7 26. Nd3 Ke7 27. Kd2 Na7 28.
Qa3 Rb7 29. b4 cxb4 30. Nxb4 Rc7 31. Nc2 Kf7 32. Ne3 Ne7 33. Rab1 Nac8 34. a5
bxa5 35. Bxa5 Rb7 36. Rxb7 Qxb7 37. Kc2 Rg8 38. Rb1 Qd7 39. Be1 Qa7 40. Bf2 g5
41. Ng4 Qc7 42. Nh6+ Kg7 43. Nxg8 Qxc4+ 44. Kd2 Kxg8 45. hxg5 f5 46. Rc1 Qb5
47. Qd3 Qb2+ 48. Rc2 Qb4+ 49. Ke2 fxe4 50. fxe4 Qb7 51. Ra2 Qd7 52. Rxa6 Ng6
53. Qa3 h4 54. Kf1 hxg3 55. Bxg3 Qg4 56. Qe3 Nce7 57. Ra2 Qd1+ 58. Kf2 Qb1 59.
Re2 Qb4 60. Kg2 Qc4 61. Rf2 Qa4 62. Rf6 Qb4 63. Kh3 Qb8 64. Qf3 Qc8+ 65. Kh2
Qc2+ 66. Qg2 Qd1 67. Qf3 Qc2+ 68. Bf2 Qc7 69. Qh5 Nh8 70. g6 Kg7 71. Rf7+ Nxf7
72. Qh7+ Kf6 73. Bh4+ Ng5 74. Qf7# 1-0

[Event "54th Ilmar Raud Memorial"]
[Site "Viljandi"]
[Date "2020.07.10"]
[Round "7.23"]
[White "Sirp, Karl Aleksander"]
[Black "Raide, Sivert"]
[Result "1-0"]
[WhiteElo "1924"]
[BlackElo "1262"]
[PlyCount "59"]
[EventDate "2020.??.??"]

1. d4 d5 2. Nf3 Nf6 3. Bf4 c5 4. c3 Qb6 5. Qb3 c4 6. Qxb6 axb6 7. Nbd2 Nc6 8.
h3 Bf5 9. g4 Be4 10. Bg2 e6 11. g5 Bxf3 12. Bxf3 Ng8 13. e4 Nge7 14. O-O b5 15.
Rfe1 O-O-O 16. a4 b4 17. a5 Ng6 18. Bg3 Bd6 19. exd5 bxc3 20. dxc6 cxd2 21.
cxb7+ Kb8 22. Red1 Bxg3 23. fxg3 Rxd4 24. a6 Ka7 25. Ra5 Rhd8 26. Rc5 Ne7 27.
Rc7 R4d7 28. Rxc4 Kxa6 29. Rb4 Ka7 30. b8=Q+ 1-0

[Event "54th Ilmar Raud Memorial"]
[Site "Viljandi"]
[Date "2020.07.10"]
[Round "7.24"]
[White "Tomson, Mikk"]
[Black "Andrijashkin, Deniss"]
[Result "0-1"]
[WhiteElo "1390"]
[BlackElo "1861"]
[PlyCount "138"]
[EventDate "2020.??.??"]

1. e4 g6 2. d4 Bg7 3. Nf3 d6 4. c4 e5 5. dxe5 dxe5 6. Qxd8+ Kxd8 7. Nc3 c6 8.
Be3 Nd7 9. O-O-O Kc7 10. Be2 f6 11. Rd2 Bh6 12. Bxh6 Nxh6 13. h3 Nf7 14. Rhd1
a5 15. Na4 b6 16. b3 Rb8 17. Nc3 Nc5 18. Nh2 Ng5 19. f3 Nge6 20. Ng4 h5 21. Nf2
Nf4 22. Rd6 Be6 23. Bf1 h4 24. Ne2 Nh5 25. Ng4 Bd5 (25... Rhd8 26. Rxd8 Rxd8
27. Rxd8 Kxd8 28. Kc2 (28. Ne3 f5 29. exf5 gxf5 30. Kd2 Ke7) 28... Bxg4 29.
hxg4 Nf4) 26. R6xd5 cxd5 27. exd5 Rbe8 28. Nc3 f5 29. Ne3 Nf6 30. d6+ Kc6 31.
Ncd5 Nxd5 32. Nxd5 (32. cxd5+ Kxd6 33. Bb5 Rc8 34. Nc4+ Ke7 35. d6+ Ke6 36. d7
Rb8 37. Rd6+ Ke7 38. Rd5) 32... Re6 33. Ne7+ Kd7 34. Bd3 Rxd6 35. Nxg6 Nxd3+
36. Rxd3 Re8 (36... Rxd3 37. Nxe5+ Kd6 38. Nxd3 Rg8) 37. Rxd6+ Kxd6 38. Nxh4
Ke6 39. g4 Rh8 40. Nxf5 Rxh3 41. Ne3 Rxf3 42. Nd5 Rg3 43. Nxb6 Rxg4 44. a4 Rd4
45. c5 e4 46. Nc4 Kd5 47. c6 Kxc6 48. Nxa5+ Kc5 49. Nc4 Kb4 50. Kc2 Rd3 51. Nd2
Rc3+ 52. Kd1 Re3 (52... e3 53. Ne4 Rxb3 54. Ke2 Kc4 55. Nd6+ Kd4 56. Nf5+ Ke4
57. Ng3+ Kf4 58. Nh5+ Ke5 59. a5 Kd4) 53. a5 Kc3 54. Nf1 Rd3+ 55. Ke2 Rd6 (
55... Kd4 56. b4 e3 57. Kf3 Ra3 58. Ng3 e2+ 59. Kxe2 Rxg3) 56. Ke3 (56. b4 Kd4
(56... Kxb4 57. Ke3) 57. Ne3 Kc3 58. Nd1+ Kxb4 59. Nf2) 56... Rd1 57. Ke2 Ra1 (
57... Rb1 58. a6 Kd4) 58. b4 Kd4 59. Nd2 Ra2 60. Kd1 Kd3 61. Nb3 Rb2 62. Nc5+
Ke3 63. a6 Kf3 (63... Rxb4 64. a7 Rb1+ 65. Kc2 Ra1) (63... Kd4 64. Kc1 Rh2 (
64... Ra2 $4 65. Kb1 Rh2 66. a7 Rh8 67. Ne6+ Kc3 68. b5 Rh1+ 69. Ka2 Rh2+ 70.
Ka3 Rh1 71. Ka2) 65. a7 Ra2 66. Nb3+ Kc3 67. Na5 Ra1#) 64. Kc1 Ra2 65. Kb1 Rd2
66. Kc1 (66. b5 e3 67. a7 Rd8 (67... e2 68. a8=Q+) 68. b6 e2 69. Nd3) (66. a7
Rd8 67. b5 e3 68. b6 e2 69. Nd3) 66... Rd8 (66... e3) 67. Ne6 e3 68. Ng5+ (68.
Nxd8 e2 69. Kd2 Kf2) 68... Kg4 69. Ne4 e2 0-1

[Event "54th Ilmar Raud Memorial"]
[Site "Viljandi"]
[Date "2020.07.10"]
[Round "7.25"]
[White "Linroos, Monika"]
[Black "Obolonin, Filipp"]
[Result "0-1"]
[WhiteElo "1491"]
[BlackElo "1922"]
[PlyCount "40"]
[EventDate "2020.??.??"]

1. e4 c6 2. c4 d5 3. cxd5 cxd5 4. exd5 Qxd5 5. h3 Nf6 6. d3 Nc6 7. Nc3 Qd8 8.
Nf3 e6 9. a3 a6 10. Be2 Be7 11. O-O O-O 12. Be3 b5 13. Rc1 Bb7 14. b4 Rc8 15.
Nb1 Nd5 16. Bc5 Nf4 17. Bxe7 Qxe7 18. Re1 Rfd8 19. Rc3 Qf6 20. Qc2 Qg6 0-1

[Event "54th Ilmar Raud Memorial"]
[Site "Viljandi"]
[Date "2020.07.10"]
[Round "7.26"]
[White "Uibokant, Karl Oskar"]
[Black "Mierins, Emils Janis"]
[Result "0-1"]
[WhiteElo "1622"]
[BlackElo "1750"]
[PlyCount "144"]
[EventDate "2020.??.??"]

1. e4 c5 2. Nf3 e6 3. d4 cxd4 4. Nxd4 a6 5. Nc3 Qc7 6. Be2 Bb4 7. Bd2 Nf6 8.
Bf3 d6 9. O-O Nbd7 10. Ncb5 axb5 11. Bxb4 Qb6 12. Qd3 Ra4 13. c3 Nc5 14. Qxb5+
Qxb5 15. Nxb5 Nfxe4 16. b3 Rxb4 17. cxb4 Bd7 18. Rfe1 Bxb5 19. Bxe4 Nxe4 20.
Rxe4 Bc6 21. Rc4 Ke7 22. b5 Bd5 23. Rc7+ Kf6 24. Rac1 Ra8 25. R1c2 Ra5 26. f4
Rxb5 27. Rd7 Rb6 28. Rcc7 e5 29. fxe5+ Kxe5 30. Re7+ Kd4 31. Re1 Be6 32. Kf2 d5
33. Kf3 g5 34. Rec1 h5 35. h4 Bg4+ 36. Kg3 gxh4+ 37. Kxh4 f6 38. Kg3 Ke4 39.
R1c3 Kd4 40. a4 Bd1 41. Kh4 Rb4 42. a5 Rb5 43. Rc1 Bg4 44. Rb1 Kd3 45. b4 d4
46. Rb3+ Ke2 47. Re7+ Kd2 48. Re4 Kc2 49. Ra3 Rxb4 50. a6 bxa6 51. Rxa6 f5 52.
Re7 d3 53. Rd7 Kc1 54. Rc6+ Kd2 55. Kg5 f4 56. Rd8 f3 57. gxf3 Bxf3 58. Ra6 Be2
59. Ra2+ Ke3 60. Re8+ Re4 61. Rxe4+ Kxe4 62. Kh4 Ke3 63. Ra3 Bg4 64. Kg3 Ke2
65. Ra7 d2 66. Re7+ Kf1 67. Rf7+ Kg1 68. Kh4 d1=Q 69. Rb7 Qd8+ 70. Kg3 Qd6+ 71.
Kh4 Qf6+ 72. Kg3 Qf2# 0-1

[Event "54th Ilmar Raud Memorial"]
[Site "Viljandi"]
[Date "2020.07.11"]
[Round "8.7"]
[White "Kiik, Kalle"]
[Black "Haavamäe, Henrik"]
[Result "1-0"]
[WhiteElo "2386"]
[BlackElo "2210"]
[PlyCount "27"]
[EventDate "2020.??.??"]

1. e4 c5 2. c3 d5 3. exd5 Qxd5 4. d4 Nf6 5. Nf3 e6 6. Bd3 Nc6 7. O-O cxd4 8.
cxd4 Be7 9. Nc3 Qd6 10. Bg5 O-O 11. Rc1 Rd8 12. Nb5 Qb4 13. Bd2 Qxb2 14. Rc2
1-0

[Event "54th Ilmar Raud Memorial"]
[Site "Viljandi"]
[Date "2020.07.11"]
[Round "8.8"]
[White "Valner, Uku"]
[Black "Pohjala, Henri"]
[Result "1/2-1/2"]
[WhiteElo "2302"]
[BlackElo "2358"]
[PlyCount "90"]
[EventDate "2020.??.??"]

1. e4 d6 2. d4 Nf6 3. Bd3 e5 4. c3 Be7 5. f4 Nbd7 6. Nf3 c6 7. O-O O-O 8. Qc2
b5 9. h3 Bb7 10. Be3 Qc7 11. Nbd2 a6 12. a4 Rac8 13. fxe5 dxe5 14. dxe5 Nxe5
15. Nxe5 Qxe5 16. Bd4 Qh5 17. Rf5 Qh6 18. Re1 Nd7 19. e5 c5 20. Be3 Qe6 21. Rf4
g6 22. axb5 Nxe5 23. bxa6 Bxa6 24. Bxa6 Qxa6 25. Re4 Bf6 26. Bh6 Qd3 27. Qd1
Rfe8 28. Bf4 Rcd8 29. Qe2 Qxe2 30. R1xe2 Re6 31. Bxe5 Rxe5 32. Rxe5 Bxe5 33.
Rxe5 Rxd2 34. Rxc5 Rxb2 35. Rc7 Kg7 36. h4 Kf6 37. Kh2 h5 38. Kg3 Rc2 39. Kf3
Ke6 40. g3 f6 41. Rc6+ Ke5 42. Rc5+ Kd6 43. Rc8 Ke5 44. Rc5+ Kd6 45. Rc8 Ke5
1/2-1/2

[Event "54th Ilmar Raud Memorial"]
[Site "Viljandi"]
[Date "2020.07.11"]
[Round "8.9"]
[White "Haitin, Ilja"]
[Black "Olde, Margareth"]
[Result "1-0"]
[WhiteElo "2357"]
[BlackElo "2205"]
[PlyCount "73"]
[EventDate "2020.??.??"]

1. e4 e5 2. Nf3 Nc6 3. d4 exd4 4. Nxd4 Bc5 5. Nb3 Bb4+ 6. c3 Be7 7. f4 d6 8.
Be2 Nf6 9. Bf3 h5 10. h3 Be6 11. N1d2 d5 12. e5 Ne4 13. Nxe4 dxe4 14. Qxd8+
Rxd8 15. Bxe4 Bh4+ 16. Ke2 Bc4+ 17. Kf3 Bd3 18. Nc5 Bxe4+ 19. Nxe4 Be7 20. Be3
f6 21. exf6 gxf6 22. g4 Kf7 23. Ng3 Na5 24. Rad1 Nc4 25. Bc1 hxg4+ 26. hxg4
Rxh1 27. Rxh1 Rd3+ 28. Kg2 Nxb2 29. Nf5 Bd8 30. Be3 Nd1 31. Bd4 Nxc3 32. Rh8
Rd2+ 33. Kh3 Ne2 34. Rxd8 Nxf4+ 35. Kg3 Ne6 36. Rd7+ Kg6 37. Nh4+ 1-0

[Event "54th Ilmar Raud Memorial"]
[Site "Viljandi"]
[Date "2020.07.11"]
[Round "8.10"]
[White "Nyysti, Sampsa"]
[Black "Pedmanson, Herman"]
[Result "1/2-1/2"]
[WhiteElo "2338"]
[BlackElo "1767"]
[PlyCount "79"]
[EventDate "2020.??.??"]

1. e4 c6 2. Nf3 d5 3. Nc3 dxe4 4. Nxe4 Nf6 5. Qe2 Nxe4 6. Qxe4 Nd7 7. Bc4 Nf6
8. Ne5 e6 9. Qe2 Bd6 10. d4 Qc7 11. f4 O-O 12. Bd2 c5 13. dxc5 Bxe5 14. fxe5
Nd7 15. Bc3 Nxc5 16. O-O-O a6 17. Bb4 b6 18. Rhf1 Bb7 19. Bxc5 Qxc5 20. Bd3
Rad8 21. Rde1 Rd4 22. Kb1 Bd5 23. c3 Rxd3 24. Qxd3 Bc4 25. Qd4 Qxd4 26. cxd4
Bd3+ 27. Kc1 Bxf1 28. Rxf1 Rd8 29. Rd1 f6 30. exf6 gxf6 31. Rd3 Kf7 32. Kc2 Rd5
33. Kd2 Ra5 34. a3 Rh5 35. h3 Rg5 36. g3 Ke7 37. h4 Rb5 38. b4 Rd5 39. Kc3 Rd8
40. g4 1/2-1/2

[Event "54th Ilmar Raud Memorial"]
[Site "Viljandi"]
[Date "2020.07.11"]
[Round "8.11"]
[White "Sakalauskas, Vaidas"]
[Black "Wartiovaara, Oliver"]
[Result "1-0"]
[WhiteElo "2335"]
[BlackElo "2190"]
[PlyCount "56"]
[EventDate "2020.??.??"]

1. d4 Nf6 2. c4 g6 3. Nc3 d5 4. Nf3 Bg7 5. cxd5 Nxd5 6. e4 Nxc3 7. bxc3 c5 8.
Bb5+ Nc6 9. O-O cxd4 10. cxd4 O-O 11. Bxc6 bxc6 12. Ba3 Bg4 13. Bc5 Bxf3 14.
Qxf3 Bxd4 15. Rad1 Bxc5 16. Rxd8 Rfxd8 17. Qc3 Bd4 18. Qxc6 Rac8 19. Qb7 e5 20.
g4 Rc2 21. h4 h6 22. a4 Kg7 23. Qe7 Rb8 24. g5 h5 25. Rd1 Bxf2+ 26. Kh1 Bd4 27.
Rf1 Rf8 28. a5 Kg8 1-0

[Event "54th Ilmar Raud Memorial"]
[Site "Viljandi"]
[Date "2020.07.11"]
[Round "8.12"]
[White "Narva, Mai"]
[Black "Kanep, Meelis"]
[Result "1/2-1/2"]
[WhiteElo "2333"]
[BlackElo "2465"]
[PlyCount "20"]
[EventDate "2020.??.??"]

1. e4 c5 2. Nf3 d6 3. Bb5+ Nd7 4. d4 Ngf6 5. Nc3 cxd4 6. Qxd4 a6 7. Bxd7+ Bxd7
8. O-O e5 9. Qd3 h6 10. a4 Be7 1/2-1/2

[Event "54th Ilmar Raud Memorial"]
[Site "Viljandi"]
[Date "2020.07.11"]
[Round "8.13"]
[White "Köykkä, Pekka"]
[Black "Bondarenko, Dmitri"]
[Result "1-0"]
[WhiteElo "2392"]
[BlackElo "1944"]
[PlyCount "107"]
[EventDate "2020.??.??"]

1. e4 c6 2. d4 d5 3. Nc3 Nf6 4. e5 Ng8 5. f4 e6 6. Nf3 Ne7 7. Be3 b6 8. Qd2 Ba6
9. Ne2 h5 10. Bf2 Nf5 11. g3 c5 12. Bh3 g6 13. c3 Nc6 14. O-O Bxe2 15. Qxe2 c4
16. b3 b5 17. a4 a6 18. Rfb1 Be7 19. Qa2 Ra7 20. axb5 axb5 21. Qb2 Rxa1 22.
Rxa1 Kd7 23. Bf1 Qc7 24. Be2 Rb8 25. h3 Rb7 26. g4 hxg4 27. hxg4 Ng7 28. Bh4
Bxh4 29. Nxh4 Ra7 30. bxc4 bxc4 31. Rxa7 Qxa7 32. Nf3 Qb8 33. Qa3 Ne8 34. Qf8
Qb1+ 35. Kf2 Nd8 36. Ng5 Qc1 37. Qb4 Qxf4+ 38. Nf3 Qxg4 39. Bd1 Nc7 40. Ba4+
Kc8 41. Qe7 Nb7 42. Bd7+ Kb8 43. Bc6 Qf5 44. Qf8+ Ka7 45. Qc8 Qc2+ 46. Kg3 Na5
47. Qxc7+ Ka6 48. Qc8+ Kb6 49. Bd7 Ka7 50. Qc5+ Ka6 51. Qb5+ Ka7 52. Qxa5+ Kb7
53. Qb5+ Ka7 54. Qc5+ 1-0

[Event "54th Ilmar Raud Memorial"]
[Site "Viljandi"]
[Date "2020.07.11"]
[Round "8.14"]
[White "Blohhin, Sofia"]
[Black "Kukk, Sander"]
[Result "0-1"]
[WhiteElo "1786"]
[BlackElo "2194"]
[PlyCount "100"]
[EventDate "2020.??.??"]

1. e4 g6 2. d4 c6 3. Nc3 d5 4. e5 h5 5. Bd3 Nh6 6. Nf3 Bf5 7. Bg5 Qb6 8. Qd2 e6
9. O-O Nd7 10. Na4 Qb4 11. Qxb4 Bxb4 12. Bxf5 Nxf5 13. a3 Be7 14. Bxe7 Kxe7 15.
c3 b6 16. b4 Rhc8 17. Rab1 Rc7 18. Rfc1 Rac8 19. Nb2 c5 20. dxc5 bxc5 21. b5 c4
22. a4 Nc5 23. Rd1 Rb8 24. h3 a6 25. g4 hxg4 26. hxg4 Nh6 27. Nd4 Nxg4 28. Nc6+
Rxc6 29. bxc6 Nxe5 30. c7 Rc8 31. f4 Nc6 32. Rf1 Rxc7 33. Nd1 Nxa4 34. Ra1 Nc5
35. Ne3 Rb7 36. Rfb1 Rb3 37. Re1 Kd6 38. Rec1 a5 39. Rc2 Nd3 40. Ng2 Kc5 41.
Kf1 Kb5 42. Ne1 Nxf4 43. Nf3 e5 44. Nd2 a4 45. Rca2 Rxc3 46. Rxa4 Rd3 47. Ke1
Ng2+ 48. Ke2 Nd4+ 49. Kd1 Ne3+ 50. Kc1 Ne2+ 0-1

[Event "54th Ilmar Raud Memorial"]
[Site "Viljandi"]
[Date "2020.07.11"]
[Round "8.15"]
[White "Pedoson, Georg Aleksander"]
[Black "Sirp, Karl Aleksander"]
[Result "1/2-1/2"]
[WhiteElo "2189"]
[BlackElo "1924"]
[PlyCount "67"]
[EventDate "2020.??.??"]

1. c4 Nf6 2. Nc3 g6 3. e3 Bg7 4. g4 h6 5. Bg2 c6 6. h3 d5 7. Qb3 e6 8. d4 b6 9.
Nge2 Ba6 10. cxd5 cxd5 11. O-O O-O 12. f4 h5 13. Bf3 hxg4 14. hxg4 Nc6 15. Rf2
Na5 16. Qd1 Bb7 17. Ng3 Nc4 18. g5 Ne4 19. Ngxe4 dxe4 20. Nxe4 Nd6 21. Nxd6
Bxf3 22. Qxf3 Qxd6 23. Bd2 Rac8 24. Bc3 a5 25. Rd1 b5 26. Bxa5 b4 27. Qb7 Rb8
28. Bc7 Qd7 29. Qxb8 Rxb8 30. Bxb8 e5 31. Rfd2 Qg4+ 32. Kf2 Qh4+ 33. Kg2 Qg4+
34. Kh2 1/2-1/2

[Event "54th Ilmar Raud Memorial"]
[Site "Viljandi"]
[Date "2020.07.11"]
[Round "8.16"]
[White "Jazdanovs, Aleksandrs"]
[Black "Rychagov, Nikita"]
[Result "0-1"]
[WhiteElo "2183"]
[BlackElo "1943"]
[PlyCount "74"]
[EventDate "2020.??.??"]

1. e4 e5 2. Nf3 Nc6 3. c3 d5 4. Qa4 f6 5. Bb5 Nge7 6. exd5 Qxd5 7. d4 Bd7 8.
Be3 exd4 9. cxd4 O-O-O 10. Nc3 Qf5 11. O-O-O Nd5 12. Nxd5 Qxd5 13. Bc4 Na5 14.
Bxd5 Bxa4 15. Be6+ Kb8 16. b3 Bd7 17. d5 Ba3+ 18. Kc2 Bxe6 19. dxe6 Nc6 20. Nd2
Rhe8 21. Nc4 Bd6 22. Nxd6 Rxd6 23. Rxd6 cxd6 24. Kc3 Rxe6 25. b4 a6 26. a4 Ne7
27. Rd1 Kc7 28. b5 axb5 29. axb5 Re5 30. Kc4 Nf5 31. Bc1 Rc5+ 32. Kb4 Ne7 33.
Ba3 Nd5+ 34. Kb3 Rxb5+ 35. Kc4 Kc6 36. Bxd6 Nb6+ 37. Kc3 Rd5 0-1

[Event "54th Ilmar Raud Memorial"]
[Site "Viljandi"]
[Date "2020.07.11"]
[Round "8.17"]
[White "Sinitsõna, Anastassia"]
[Black "Tõnso, Liina"]
[Result "1/2-1/2"]
[WhiteElo "2138"]
[BlackElo "1862"]
[PlyCount "83"]
[EventDate "2020.??.??"]

1. Nf3 d5 2. c4 c6 3. b3 Nf6 4. Bb2 g6 5. g3 Bg7 6. Bg2 O-O 7. O-O Nbd7 8. d4
Ne4 9. Nbd2 Ndf6 10. Ne5 Bf5 11. f3 Nxd2 12. Qxd2 Nd7 13. Nd3 Bxd3 14. Qxd3
dxc4 15. Qxc4 e5 16. dxe5 Bxe5 17. Bxe5 Nxe5 18. Qc3 Qb6+ 19. Kh1 Rfe8 20. h3
Nd7 21. e4 Rad8 22. Rad1 Nc5 23. Kh2 a5 24. Qf6 Ne6 25. f4 Rxd1 26. Rxd1 Rd8
27. Rxd8+ Qxd8 28. Qb2 Qd4 29. Qe2 Qc5 30. e5 Qc3 31. h4 Nd4 32. Qg4 Qe3 (32...
h5 33. Qd1 (33. Qc8+ Kg7 34. Qxb7 Ne2) 33... Nf5 34. Qf3 Qd2 35. a3 Ne3) 33. h5
Qe2 (33... Nf5 34. hxg6 hxg6 35. Qf3 Qd2) 34. Kh3 Kg7 35. hxg6 hxg6 36. Qg5 Nf5
37. Qf6+ Kg8 38. Qd8+ Kg7 39. Qf6+ Kg8 40. Qd8+ Kg7 41. Qf6+ Kg8 42. Qd8+
1/2-1/2

[Event "54th Ilmar Raud Memorial"]
[Site "Viljandi"]
[Date "2020.07.11"]
[Round "8.18"]
[White "Timoshin, Andrei"]
[Black "Protassov, Vlad"]
[Result "0-1"]
[WhiteElo "2132"]
[BlackElo "1916"]
[PlyCount "42"]
[EventDate "2020.??.??"]

1. e4 c6 2. d4 d5 3. Nd2 dxe4 4. Nxe4 Bf5 5. Ng3 Bg6 6. h4 h6 7. Nf3 Nd7 8. h5
Bh7 9. Bd3 Bxd3 10. Qxd3 e6 11. c4 Ngf6 12. Bf4 Bb4+ 13. Bd2 Be7 14. Ne4 O-O
15. Nxf6+ Nxf6 16. Qe2 b5 17. c5 Qd5 18. Qe5 Qc4 19. Qe2 Qd5 20. Qe5 Qc4 21.
Qe2 Qd5 0-1